MARC

LEADER 00000nam0a2200000 4500
001 105649
005 20231031114513.0
035 |a (RuTPU)RU\TPU\book\114001 
090 |a 105649 
100 |a 20061120d1971 k y0rusy50 ca 
101 0 |a rus 
102 |a RU 
105 |a a z 001zy 
200 1 |a Современное состояние геофизических методов поисков месторождений бокситов в СССР и за рубежом  |e обзор  |f И. Г. Александров, Э. Э. Микельсон, Г. Г. Ремпель  |g Сибирский научно-исследовательский институт геологии, геофизики и минерального сырья (СНИИГГиМС) 
210 |a Москва  |c ВИЭМС  |d 1971 
215 |a 54 с.  |c черт. 
225 1 |a Региональная, разведочная и промысловая геофизика 
320 |a Библиогр.: с. 50-54. 
610 1 |a геофизические методы 
610 1 |a бокситы 
610 1 |a месторождения 
610 1 |a СССР 
610 1 |a обзоры 
610 1 |a поиски 
675 |a 553.492  |v 3 
700 1 |a Александров  |b И. Г.  |g Игорь Георгиевич 
701 1 |a Микельсон  |b Э. Э.  |g Эдуард Эдуардович 
701 1 |a Ремпель  |b Г. Г.  |g Генрих Генрихович 
712 0 2 |a Сибирский научно-исследовательский институт геологии, геофизики и минерального сырья (СНИИГГиМС)  |2 stltpush  |3 (RuTPU)RU\TPU\col\322 
801 1 |a RU  |b 63413507  |c 20061120  |g PSBO 
801 2 |a RU  |b 63413507  |c 20071005  |g PSBO 
942 |c BK